Tasawwuf Ek Tajziyati Mutalaa (Record no. 8056)

MARC details
000 -LEADER
fixed length control field 00587nam a2200241 a 4500
020 ## - INTERNATIONAL STANDARD BOOK NUMBER
ISBN
082 00 - DEWEY DECIMAL CLASSIFICATION NUMBER
Classification number 297.4
Author Cutter FAR2
100 ## - MAIN ENTRY--AUTHOR NAME
Author name Farahi, Ubaidullah
245 ## - TITLE STATEMENT
Title Tasawwuf Ek Tajziyati Mutalaa
260 ## - PUBLICATION, DISTRIBUTION, ETC. (IMPRINT)
Place of publication Aligarh
Name of publisher Idara Tahqeeq-O-Tasneef-E-Islami
Year of publication 1987
300 ## - PHYSICAL DESCRIPTION
Number of Pages 186p
500 ## - GENERAL NOTE
General note includes index and biblioraphy
505 2# - FORMATTED CONTENTS NOTE
Formatted contents note Index
650 ## - SUBJECT ADDED ENTRY--TOPICAL TERM
Topical Term Sufism
942 ## - ADDED ENTRY ELEMENTS (KOHA)
Koha item type Books
700 1# -
-- Farahi, Ubaidullah
Holdings
Collection code Home library Current library Date acquired Cost, normal purchase price Full call number Accession Number Koha item type
  Henry Martyn Institute Library Henry Martyn Institute Library 09/07/2007 25.00 297.4 FAR2 013104 Books
                   Copyright © 2026 | Henry Martyn Institute | Hyderabad | TS-500052 | INDIA | Implemented by hmi.edu.in
Hit-Count:

Powered by Koha